000 00455nam a2200157Ia 4500
008 220204s9999 xx 000 0 und d
082 _a575:632
_bGAT
245 0 _aPlant genetic manipulation for crop protection
260 _aLondon
_bCAB International
_c1992
490 _aBiotechnology in Agriculture 7
650 _aGenetic engineering
650 _aPlant transformation
650 _aTransposon tagging
700 _aGatehouse, A M R
942 _cBK
999 _c40400
_d40400